000 00935nam a22002297a 4500
005 20250417111144.0
008 250417b |||||||| |||| 00| 0 eng d
020 _a978-93-5775-161-2 (hbk)
037 _cTB
040 _aCRL
_cCRL
041 _2hin
_ahin
084 _aO152,3N484,KR R4
_qCRL
100 _aशर्मा, नासिरा
245 _aकुछ रंग थे ख्वाबों के
260 _aनई दिल्ली, भारत:
_bवाणी प्रकाशन,
_c2024.
300 _a144पृ0
365 _b495.00
_cINR
650 _2हिन्दी उपन्यास
650 _2हिन्दी साहित्य
942 _2CC
_cTB
_hO152,3N484,KR R4
_n0
999 _c1309074
_d1309074